Ecology workbook (Record no. 1208806)

MARC details
000 -LEADER
fixed length control field 00866nam a2200289Ia 4500
003 - CONTROL NUMBER IDENTIFIER
control field OSt
005 - DATE AND TIME OF LATEST TRANSACTION
control field 20221007121357.0
008 - FIXED-LENGTH DATA ELEMENTS--GENERAL INFORMATION
fixed length control field 221006b |||||||| |||| 00| 0 eng d
020 ## - INTERNATIONAL STANDARD BOOK NUMBER
International Standard Book Number 9788172338053 (hbk)
037 ## - SOURCE OF ACQUISITION
Terms of availability Textual
040 ## - CATALOGING SOURCE
Original cataloging agency BDL
Transcribing agency BDL
Language of cataloging eng
041 ## - LANGUAGE CODE
Source of code eng
Language code of text/sound track or separate title eng
100 ## - MAIN ENTRY--PERSONAL NAME
Personal name Misra R
9 (RLIN) 64274
245 #0 - TITLE STATEMENT
Title Ecology workbook
260 ## - PUBLICATION, DISTRIBUTION, ETC.
Place of publication, distribution, etc. New
Name of publisher, distributor, etc. Delhi Scientific Publishers
Date of publication, distribution, etc. 2013
300 ## - PHYSICAL DESCRIPTION
Extent 244p. ill.
Dimensions cm.
500 ## - GENERAL NOTE
General note Appendix A-E 227-240p.; Index 241-244p.
650 ## - SUBJECT ADDED ENTRY--TOPICAL TERM
Topical term or geographic name entry element Succession
9 (RLIN) 708009
650 ## - SUBJECT ADDED ENTRY--TOPICAL TERM
Topical term or geographic name entry element Water cycle
9 (RLIN) 711701
650 ## - SUBJECT ADDED ENTRY--TOPICAL TERM
Topical term or geographic name entry element Nitrogen cycle
9 (RLIN) 711702
942 ## - ADDED ENTRY ELEMENTS (KOHA)
Classification part G:5, Q3 Carb
Koha item type Textual
Source of classification or shelving scheme Colon Classification (CC)
Holdings
Withdrawn status Lost status Source of classification or shelving scheme Damaged status Not for loan Home library Current library Date acquired Source of acquisition Total Checkouts Full call number Barcode Date last seen Price effective from Koha item type
    Colon Classification (CC)     Department of Botany Library Department of Botany Library 2022-10-07 48, 03/11/2015, Deepika book agency   G:5 Q3 Carb BD0005866 2022-10-07 2022-10-07 Textual
Copyright @ Delhi University Library System